Engineering physics, Vol 1 / (Record no. 7324)

MARC details
000 -LEADER
fixed length control field 01232nac a22003011u 4500
010 ## -
-- 2007011160
020 ## - INTERNATIONAL STANDARD BOOK NUMBER
International Standard Book Number 8125914722
082 00 - DEWEY DECIMAL CLASSIFICATION NUMBER
Classification number 530
Item number KAN
090 ## - LOCALLY ASSIGNED LC-TYPE CALL NUMBER (OCLC); LOCAL CALL NUMBER (OCLC)
-- 7324
-- 7324
100 ## - MAIN ENTRY--PERSONAL NAME
Personal name Kannan, M.D.
245 10 - TITLE STATEMENT
Title Engineering physics, Vol 1 /
Statement of responsibility, etc M.D. Kannan, V. Balusamy.
260 ## -
-- New Delhi:
-- Vikas Publishing House PVT LTD,c2003.
-- c2003.
300 ## - PHYSICAL DESCRIPTION
Extent 282p:
Other physical details ill;
Dimensions 19cm.
336 ## - CONTENT TYPE
Source rdacontent
Content type term text
Content type code txt
337 ## - MEDIA TYPE
Media type term unmediated
Source rdamedia
Media type code n
338 ## - CARRIER TYPE
Carrier type term volume
Carrier type code nc
Source rdacarrier
500 ## - GENERAL NOTE
General note Includes index.
500 ## - GENERAL NOTE
General note Distributer: Al-Ahram.
505 0# - FORMATTED CONTENTS NOTE
Formatted contents note Quantum physics -- Electron optics -- Geometrical optics -- Wave theory of light -- Diffraction of light -- Polarisation of light -- Nuclear structure and nuclear forces -- Number systems used in digital electronics -- Logic gates and Boolean algebra -- Dielecrics -- Lasers -- Fibre optics.
511 ## -
-- Catalogued By: Mahitab.
650 #0 - SUBJECT ADDED ENTRY--TOPICAL TERM
Topical term or geographic name as entry element Physics.
650 #0 - SUBJECT ADDED ENTRY--TOPICAL TERM
Topical term or geographic name as entry element Physics
General subdivision Industrial applications.
650 #0 - SUBJECT ADDED ENTRY--TOPICAL TERM
Topical term or geographic name as entry element Optics.
650 #0 - SUBJECT ADDED ENTRY--TOPICAL TERM
Topical term or geographic name as entry element Mathematical physics.
700 1# - ADDED ENTRY--PERSONAL NAME
Personal name Balusmay, V.
856 41 - ELECTRONIC LOCATION AND ACCESS
Materials specified Table of contents only
Uniform Resource Identifier <a href="http://www.loc.gov/catdir/toc/ecip0713/2007011160.html">http://www.loc.gov/catdir/toc/ecip0713/2007011160.html</a>
942 ## - ADDED ENTRY ELEMENTS (KOHA)
Koha item type Book - Borrowing
Call number prefix 530KAN
Classification part RDA-MOD
Holdings
Withdrawn status Lost status Damaged status Not for loan Home library Current library Shelving location Date acquired Source of acquisition Total Checkouts Full call number Barcode Date last seen Date checked out Price effective from Koha item type
        Central Library Central Library First floor 22/01/2008 Purchase 1 530KAN 000008691 15/07/2025 28/04/2011 22/01/2008 Book - Borrowing